000 00485nam a2200181Ia 4500
008 240925s9999 xx 000 0 und d
020 _a9780226461700
082 _a808.02 JEN
100 _aJensen, Joli
245 0 _aWrite No Matter What: advice for academics
250 _aNA
260 _aChicago:
_bUniversity of Chicago
_c,2017.
300 _a763p.
_b0
_fOriginal
500 _aIncludes Index
600 _aHumanities & Natural Science
650 _aLiterature
942 _cBK
999 _c16336
_d16336